书目信息 |
| 题名: |
藻类学
|
|
| 作者: | 李 著 ;胡征宇 , 胡自民 , 段德麟 译 | |
| 分册: | ||
| 出版信息: | 北京 科学出版社 2012 |
|
| 页数: | 553页 | |
| 开本: | 26cm | |
| 丛书名: | ||
| 单 册: | ||
| 中图分类: | Q949.2 | |
| 科图分类: | ||
| 主题词: | 藻类学 | |
| 电子资源: | ||
| ISBN: | 978-7-03-034753-4 | |
| 000 | 01119nam0 2200289 45 | |
| 001 | 1355408843 | |
| 005 | 20230216165531.33 | |
| 010 | @a978-7-03-034753-4@dCNY128.00 | |
| 100 | @a20130108d2012 em y0chiy50 ea | |
| 101 | 1 | @achi@ceng |
| 102 | @aCN@b110000 | |
| 105 | @aa z 000yy | |
| 200 | 1 | @a藻类学@AZao Lei Xue@dPhycology@f(美)R. E. 李著@F( Mei )R. E. Li Zhu@g段德麟,胡自民,胡征宇等译@zeng |
| 210 | @a北京@c科学出版社@d2012 | |
| 215 | @a553页@c图@d26cm | |
| 300 | @a生命科学名著 | |
| 305 | @a原书第4版 | |
| 330 | @a本书为生物科学专业基础课,主要讲授藻类的分类、形态特征及经济价值,课程的任务是使学生初步了解藻类的形态、构造、生殖、生活史、系统发育、生态习性和进化路线等方面的知识,通过授课,掌握藻类的基本概念和实验方法,熟悉重要藻类的生物学特征、分布、应用价值及与生态环境的关系。 | |
| 510 | 1 | @aPhycology@zeng |
| 606 | 0 | @a藻类学 |
| 690 | @aQ949.2@v5 | |
| 701 | 0 | @g(美)@a李@ALi@g(Lee, Robert Edward@4著 |
| 702 | 0 | @a胡征宇@AHu Zheng Yu@4译 |
| 702 | 0 | @a胡自民@AHu Zi Min@4译 |
| 702 | 0 | @a段德麟@ADuan De Lin@4译 |
| 801 | @aCN@bTANGWEI@c20130111 | |
| 905 | @b0831088-90@dQ949.2@e211@f3 | |
| 藻类学=Phycology/(美)R. E. 李著/段德麟,胡自民,胡征宇等译.-北京:科学出版社,2012 |
| 553页:图;26cm |
| 生命科学名著 |
| ISBN 978-7-03-034753-4:CNY128.00 |
| 本书为生物科学专业基础课,主要讲授藻类的分类、形态特征及经济价值,课程的任务是使学生初步了解藻类的形态、构造、生殖、生活史、系统发育、生态习性和进化路线等方面的知识,通过授课,掌握藻类的基本概念和实验方法,熟悉重要藻类的生物学特征、分布、应用价值及与生态环境的关系。 |
| ● |
| 相关链接 |
|
|
|
|
正题名:藻类学
索取号:Q949.2/211
 
预约/预借
| 序号 | 登录号 | 条形码 | 馆藏地/架位号 | 状态 | 备注 |
| 1 | 0831088 | 208310889 | 第二样本阅览室/ [索取号:Q949.2/211] | 在馆 | |
| 2 | 0831089 | 208310898 | 第三借阅区/ [索取号:Q949.2/211] |
已借出,限还日期为2026.08.12 借出人:邵元龙 |
|
| 3 | 0831090 | 208310905 | 第三借阅区/ [索取号:Q949.2/211] | 在馆 | |
| 4 | 1052709 | 210527090 | 第三借阅区/ [索取号:Q949.2/211] | 在馆 |